LDR 01383naa#a2200253#i#450# 001 RU\\bibl\116862 005 20260415132402.3 011 ## _a2076-0655 100 ## _a20251227b2025####ek#y0rusy0150####ca 101 0# _aRUS 102 ## _aRU 200 1# _aДЕКОРАТИВНЫЙ КОМПОЗИЦИОННЫЙ МАТЕРИАЛ НА ОСНОВЕ РЕЦИКЛИНГА ОТХОДОВ СШИТОГО ПОЛИЭТИЛЕНА И СТРОИТЕЛЬНОЙ КЕРАМИКИ _eЖурнальная статья 210 1# _aМосква _cИндивидуальный Предприниматель Самченко Светлана Васильевна _d2025 215 ## _a11 с. 606 ## _aТехника и технологии строительства. 08.06.01 _2local 608 ## _aЖурнальная статья _2local 675 ## _aБетоны. Бетонные и железобетонные изделия. 691.32 _zRUS 686 ## _aСтроительные материалы и изделия. 383 _2bbk 686 ## _aПрочие издания. 546 _2tbk 686 ## _aСтроительные материалы и изделия. 67.09 _2grnti 700 #1 _aБаруздин _gАлександр Андреевич 700 #1 _aЗакревская _gЛюбовь Владимировна 700 #1 _aДоброхотов _gВладимир Борисович 856 4# _atsilicates.ru _u